Entry Nombre personal
001 - NÚMERO DE CONTROL
- campo de control: 102365
003 - IDENTIFICADOR DE NÚMERO DE CONTROL
- campo de control: OSt
005 - FECHA Y HORA DE LA ÚLTIMA TRANSACCIÓN
- campo de control: 20250627191805.0
008 - ELEMENTOS DE DATO DE LONGITUD-FIJA
- campo de control de longitud fija: 000926 n acnnnaaan n ann d
040 ## - FUENTE DE CATALOGACIÓN
- Centro catalogador/agencia de origen: OSt
- Centro/agencia transcriptor: OSt
100 1# - ENCABEZAMIENTO-NOMBRE DE PERSONA
- Nombre de persona: Sánchez, Francisco,
- Fechas asociadas al nombre: 1550-1623
400 1# - TRAZADO DE VÉASE--NOMBRE DE PERSONA
- Nombre de persona: Sánches, Francisco,
- Fechas asociadas al nombre: 1550-1623
400 1# - TRAZADO DE VÉASE--NOMBRE DE PERSONA
- Nombre de persona: Sánchez, Francisco,
- Títulos y otros términos asociados al nombre: el Escéptico
400 1# - TRAZADO DE VÉASE--NOMBRE DE PERSONA
- Nombre de persona: Sánchez, Francisco,
- Títulos y otros términos asociados al nombre: el Tudense
